Central Library OPAC University of Rajshahi
Normal view MARC view

Entry Topical Term

Number of records used in: 2

001 - CONTROL NUMBER

  • control field: 12069

003 - CONTROL NUMBER IDENTIFIER

  • control field: BD-RjUL

005 - DATE AND TIME OF LATEST TRANSACTION

  • control field: 20240304150819.0

008 - FIXED-LENGTH DATA ELEMENTS

  • fixed length control field: 240304|| aca||aabn | a|a d

040 ## - CATALOGING SOURCE

  • Original cataloging agency: BD-RjUL
  • Transcribing agency: BD-RjUL

150 ## - HEADING--TOPICAL TERM

  • Topical term or geographic name entry element: সংস্কৃত ভাষা
  • General subdivision: ব্যাকরণ

670 ## - SOURCE DATA FOUND

  • Source citation: Work cat.: (BD-RjUL)83227: দাস, করুণাসিন্ধু 12068, সংস্কৃত ব্যাকরণ ও ভাষা প্রসঙ্গ /